000 00252nam a2200121Ia 4500
100 _aAmerican Machinist
942 _cBK
654 _aTooling
245 _aTooling Manual
260 _bAmerican machinist
_c2001
082 _a621.9
546 _aENGLISH
999 _c27295
_d27295